01343nam a22003257a 4500003000900000005001700009007000300026008004100029020001800070040002600088082002800114100002600142245018400168260003500352300002100387500007100408534010600479590002600585650001900611650005700630650002500687650002100712700002600733700003700759710004500796910001500841942001200856952013200868999001701000DO-SdBNP20211123071014.0ta210520e2020 dr ||||er|||| 001 ddspa d a9789945926293 aDO-SdBNPbspacBPMSU  4a306.766bD292s 20202221 aDecena, Carlos Ulises10aSujetos tácitos : bpertenencia y deseo homosexual entre hombres dominicanos en el exilio /cCarlos Ulises Decena ; edición Fari Rosario ; traductor Tomás Rosado Calderón. aSanto Domingo :bINTEC,c2020. a340 p. ;c24 cm. aIncluye datos biográficos del autor en la solapa de la cubierta  3Título original :tTacit subjects : belonging and same - sex desire among dominican immigrant men  aInventariado, 2021/VM 4aHomosexualidad 4aDominicanos en Estados Unidos xCondiciones sociales14aMovimientos sociales 4aIdentidad sexual1 aRosario, Fari ,eed.1 aRosado Calderón, Tomás,etr.2 aInstituto Tecnológico de Santo Domingo aVMateo V.  2ddccBK 00102ddc40708CDaBPMETbBPMETd2021-11-23eINTECl0oBPMSU CD 306.766 D292s 2020pBPMSU21110109r2021-11-23w2021-11-23yBK c13890d13890